Nederlandse oorlogsgeschiedenis - Statistieken

Algemene statistieken
  • Deze quiz is 42 keer genomen
  • De gemiddelde score is 27 van 72
Antwoordstatistieken
Resultaat Landen % Correct
1 Duitsland
95%
1 België
92%
9 Frankrijk
89%
9 Frankrijk
89%
1 Frankrijk
89%
7 Spanje
89%
5 Spanje
89%
2 Rusland
79%
1 Rusland
79%
6 Italië
74%
1 Italië
74%
7 Portugal
71%
2 Portugal
71%
4 Zweden
71%
1 Zweden
71%
2 Denemarken
68%
1 Indonesië
66%
2 Indonesië
66%
2 Japan
63%
1 Japan
63%
4 Oostenrijk
63%
3 Oostenrijk
63%
2 Noorwegen
61%
1 Polen
61%
11 China
53%
1 China
53%
1 China
53%
7 Engeland
53%
2 Engeland
53%
1 Finland
53%
7 Verenigd Koninkrijk
53%
2 Verenigd Koninkrijk
53%
1 Verenigd Koninkrijk
53%
2 Hongarije
39%
1 Griekenland
37%
2 Servië
34%
4 Servië
34%
1 Bulgarije
26%
1 Oekraïne
24%
3 Roemenië
21%
1 Afghanistan
18%
1 Korea
18%
1 Nederland
18%
4 Nederland
18%
1 Marokko
16%
5 Pruissen
16%
3 Pruissen
16%
1 Vietnam
16%
2 Kroatië
13%
1 Litouwen
11%
7 Ottomaanse Rijk
11%
3 Sovjet-Unie
11%
3 Thailand
11%
1 Cambodja
8%
1 Noord-Korea
8%
1 Moldavië
5%
1 Somalië
5%
1 Libië
3%
1 Venezuela
3%
1 Heilig Romeinse Rijk
0%
7 Inheems Afrika
0%
13 Inheems Amerika
0%
12 Inheems Amerika
0%
1 Inheems Amerika
0%
19 Inheems China
0%
3 Inheems China
0%
5 Inheems India
0%
1 Inheems India
0%
+50 Inheems Indonesië
0%
1 Inheems Indonesië
0%
2 Inheems Indonesië
0%
4 Iraq
0%
Geen overeenkomende quizzen gevonden
Scoreverdeling
Procent van Mensen met Elke Score
Percentiel versus Aantal Correcte Antwoorden
Uw Scoregeschiedenis
U heeft deze quiz nog niet genomen